Memoria leída en la reunión inaugural de la Sección de Artes Plásticas del Ateneo de Madrid, el día 7 de junio de 1930 (Record no. 100519)

MARC details
000 -LEADER
campo de control de longitud fija 00873ntm a2200229 i 4500
001 - NÚMERO DE CONTROL
campo de control 100519
003 - IDENTIFICADOR DE NÚMERO DE CONTROL
campo de control ES-MaACL
005 - FECHA Y HORA DE LA ÚLTIMA TRANSACCIÓN
campo de control 20240518063035.0
007 - CAMPO FIJO DE DESCRIPCIÓN FÍSICA--INFORMACIÓN GENERAL
campo de control de longitud fija t|
008 - DATOS DE LONGITUD FIJA--INFORMACIÓN GENERAL
campo de control de longitud fija 050929s1930 sp |||| | spa d
040 ## - FUENTE DE CATALOGACIÓN
Centro/agencia transcriptor ES-MaACL
100 1# - ENTRADA PRINCIPAL--NOMBRE DE PERSONA
Nombre de persona Masriera, Víctor,
9 (RLIN) 78777
Fechas asociadas al nombre 1875-1938
Término indicativo de función/relación Autor
245 10 - MENCIÓN DEL TÍTULO
Título Memoria leída en la reunión inaugural de la Sección de Artes Plásticas del Ateneo de Madrid, el día 7 de junio de 1930
Medio [Manuscrito] /
Mención de responsabilidad, etc. por el secretario primero de la sección D. Víctor Masriera.
260 ## - PUBLICACIÓN, DISTRIBUCIÓN, ETC.
Lugar de publicación, distribución, etc. Madrid :
Nombre del editor, distribuidor, etc. [s.n.],
Fecha de publicación, distribución, etc. 1930.
300 ## - DESCRIPCIÓN FÍSICA
Extensión 12 hojas ;
Dimensiones 27 cm.
500 ## - NOTA GENERAL
Nota general Ejemplar mecanografiado
610 24 - PUNTO DE ACCESO ADICIONAL DE MATERIA--NOMBRE DE ENTIDAD CORPORATIVA
Nombre de entidad corporativa o nombre de jurisdicción como elemento de entrada Ateneo de Madrid.
Unidad subordinada Sección de Artes Plásticas-
Subdivisión de forma Memorias.
9 (RLIN) 1971
852 ## - LOCALIZACIÓN
Ubicación ES-MaACL
Ubicación en estantería Depósito
Signatura antigua Olim: 1763-F-24
Número de control de estantería Armario 18
942 ## - ELEMENTOS DE ENTRADA SECUNDARIOS (KOHA)
Tipo de ítem Koha Manuscrito
Suprimir en OPAC No
Holdings
Estatus retirado Estado de pérdida Fuente del sistema de clasificación o colocación Estado de daño No para préstamo Colección Biblioteca de origen Biblioteca actual Ubicación en estantería Fecha de adquisición Fuente de adquisición Número de control de estantería Total de préstamos Signatura topográfica completa Código de barras Visto por última vez Tipo de ítem Koha
    Clasificación decimal universal     Fondo Ateneo de Madrid Biblioteca del Ateneo de Madrid Biblioteca del Ateneo de Madrid Depósito 17/01/2008 Donación Ateneísta   Armario 18 1104951 23/02/2023 Manuscrito